000 00464nam a2200181Ia 4500
001 9327
005 20260306161710.0
008 260306t2006||||xx |||||||||||||| ||spa||
041 _aESP
082 _a378.1
_bV56
100 _aVessuri, Hebe (Comp.)
_eAUT
245 0 _aUniversidad e investigación científica:
_bconvergencias y tensiones
260 _c2006
300 _a236 páginas :
_c23 cm.
650 _aGEN
654 _aCED
942 _cLIB
_dJUS
_fJUS
_2ddc
_n
999 _c9327
_d9327